00956 2200313 4500001002100000005001500021035002000036007000300056008004100059020002200100040002200122082001400144084001600158090002200174100003000196245009300226250003300319300004400352650002000396850001200416504003400428264004200462336002100504337003000525338002300555999002200578990002200600990002000622INLIS00000000085722020220609093227 a0010-0321000243ta210308s2020 yoia g 0 ind d a978-623-244-177-4 aYOPDYOGbinderda04223a650.1 a650.1 RIA a aCB-D.11 2020-07400 aRiana Lynd1988-epenulis aApa yang Steven Jobs lakukan ketika kita tidur? /cRiana Lyn; penyunting, Herman Adamson aCetakan pertama: April, 2020 axvii, 299 halaman :bilustrasi ;c22 cm 4aSukses (bisnis) aYOPDYOG aBibliografi : halaman 289-29831aYogyakarta :bPsikologi Corner,c2020 2rdacontentateks 2rdamediaatanpa perantara 2rdacarrieravolume aCB-D.11/2020-0740 aCB-D.11/2020-0740 a68736-PD/A.2022